|
|
|
|
| LEADER |
00957nam a2200229 u 4500 |
| 001 |
10013004 |
| 003 |
upatras |
| 005 |
20210117204542.0 |
| 008 |
881025s1990 gr gre |
| 040 |
|
|
|a GR-PaULI
|c GR-PaULI
|
| 041 |
0 |
|
|a gre
|
| 082 |
0 |
4 |
|a 686.225 444 16
|
| 100 |
1 |
|
|a Πετρίδης, Ηρακλής
|9 131781
|
| 245 |
1 |
0 |
|a Εκδόση εντύπων με τη χρήση υπολογιστή
|c Ηρακλή Πετρίδη
|
| 260 |
|
|
|a Αθήνα
|c 1990
|
| 300 |
|
|
|a 180 σ.
|b εικ.
|c 23 εκ
|
| 505 |
1 |
|
|a Περιλαμβάνει βιβλιογραφία, παραδείγματα εκτυπώσεων
|
| 650 |
|
4 |
|a Desk top publishing
|9 105579
|
| 852 |
|
|
|a GR-PaULI
|b ΠΑΤΡΑ
|b ΒΚΠ
|b ΒΣ2
|k ΟΧΙΔ
|h Π 686.225 444 16 Π
|m 21364
|t 1
|
| 942 |
|
|
|2 ddc
|c BKN
|
| 952 |
|
|
|0 0
|1 0
|4 0
|6 Π_686_225000000000000_444_16_Π
|7 0
|9 149683
|a LISP
|b LISP
|c BSC
|d 2016-04-24
|i 21364
|l 0
|o Π 686.225 444 16 Π
|r 2016-04-24 00:00:00
|t 1
|w 2016-04-24
|y BKN
|
| 999 |
|
|
|c 96666
|d 96666
|